Riadenie vibrácií votknutého nosníka

Na minha lista:
Detalhes bibliográficos
Autor principal: Marekovič, Tomáš (Author)
Outros Autores: Rolník, Ladislav (Thesis advisor)
Formato: Manuscrito Livro
Idioma:eslovaco
Publicado em: 2020
Assuntos:
Acesso em linha:http://is.stuba.sk/zp/portal_zp.pl?podrobnosti=141445
Tags: Adicionar Tag
Sem tags, seja o primeiro a adicionar uma tag!

MARC

LEADER 00000ntm a22000003a 4500
001 stuzp79381
003 SK-STU
005 20200718211433.4
007 ta
008 150427s2015----xo-----f-mn---000-0-slo-d
040 |a STU  |b slo 
041 0 |a slo 
100 1 |a Marekovič, Tomáš  |u 066000  |4 aut  |U MTF Materiálovotechnologická fakulta  |T MTF Ústav aplikovanej informatiky, automatizácie a mechatroniky  |X 91516  |U M6000  |Y 86  |7 91516 
242 0 1 |a Vibration control of the cantilever beam  |y eng 
245 1 0 |a Riadenie vibrácií votknutého nosníka 
260 |c 2020 
650 4 |a votknutý nosník  |2 slo 
650 4 |a PID regulácia  |2 slo 
650 4 |a piezoelektrický materiál  |2 slo 
650 4 |a PID control  |2 eng 
650 4 |a cantilever beam  |2 eng 
650 4 |a piezoelectric material  |2 eng 
700 1 |a Rolník, Ladislav  |u 066000  |k Z1  |4 ths  |U MTF Materiálovotechnologická fakulta  |T MTF Ústav aplikovanej informatiky, automatizácie a mechatroniky  |X 52252  |U M6000  |Y 86  |7 A000052252 
856 4 |u http://is.stuba.sk/zp/portal_zp.pl?podrobnosti=141445 
996 |c M* BP-8913  |l MMSKP  |s P  |a 0  |w stuzp79381_0001